[Event "RUS-ch U20"]
[Site "Nojabrsk"]
[Date "2005.03.07"]
[Round "6"]
[White "Tomashevsky, Evgeny"]
[Black "Kurnosov, Igor"]
[Result "1/2-1/2"]
[WhiteElo "2540"]
[BlackElo "2538"]
[PlyCount "47"]
[EventDate "2005.03.02"]
[EventType "tourn"]
[EventRounds "11"]
[EventCountry "RUS"]
[EventCategory "11"]
[Source "ChessBase"]
[SourceDate "2005.06.06"]

1. c4 Nf6 2. Nc3 g6 3. e4 d6 4. d4 Bg7 5. f3 O-O 6. Be3 a6 7. Nge2 c6 8. c5
Nbd7 9. cxd6 exd6 10. Qd2 Re8 11. Nf4 Nb6 12. Bd3 d5 13. e5 Nfd7 14. Nfe2 f6
15. f4 fxe5 16. dxe5 c5 17. Bc2 Kh8 18. Bb3 d4 19. Nxd4 Nxe5 20. fxe5 cxd4 21.
Bxd4 Nd7 22. e6 Nf6 23. O-O Bxe6 24. Bxe6 1/2-1/2

[Event "Dos Hermanas Internet f"]
[Site "Internet Chess Club"]
[Date "2005.03.26"]
[Round "2.2"]
[White "Bu Xiangzhi"]
[Black "Guseinov, Gadir"]
[Result "0-1"]
[WhiteElo "2607"]
[BlackElo "2574"]
[PlyCount "68"]
[EventDate "2005.03.11"]
[EventType "k.o."]
[EventRounds "5"]
[EventCountry "ESP"]
[Source "ChessBase"]
[SourceDate "2005.05.10"]

1. d4 Nf6 2. c4 g6 3. Nc3 Bg7 4. e4 d6 5. f3 O-O 6. Be3 c5 7. Nge2 Nc6 8. d5
Ne5 9. Ng3 a6 10. Be2 b5 11. cxb5 axb5 12. Nxb5 Ba6 13. O-O h5 14. Nh1 Nfd7 15.
Nf2 c4 16. Nd4 Nc5 17. f4 Ned3 18. Nc6 Qd7 19. Bxd3 Nxd3 20. Nxd3 cxd3 21. Qd2
e6 22. f5 exf5 23. exf5 Rfe8 24. f6 Bh8 25. Rf4 Bb5 26. Ne7+ Rxe7 27. fxe7 Qxe7
28. a4 Ba6 29. Raf1 f5 30. b4 Re8 31. b5 Bb7 32. Bd4 Qe2 33. Qxe2 dxe2 34. Rd1
exd1=Q+ 0-1

[Event "Coventry op"]
[Site "Coventry"]
[Date "2005.03.26"]
[Round "4"]
[White "Stocek, Jiri"]
[Black "Efimenko, Zahar"]
[Result "0-1"]
[WhiteElo "2586"]
[BlackElo "2601"]
[PlyCount "118"]
[EventDate "2005.03.24"]
[EventType "swiss"]
[EventRounds "9"]
[EventCountry "ENG"]
[Source "ChessBase"]
[SourceDate "2005.05.10"]

1. d4 Nf6 2. c4 g6 3. Nc3 Bg7 4. e4 d6 5. f3 O-O 6. Be3 Nc6 7. Qd2 a6 8. Nge2
Rb8 9. h4 b5 10. h5 Na5 11. Ng3 Nxc4 12. Bxc4 bxc4 13. hxg6 fxg6 14. Bh6 Bxh6
15. Rxh6 c6 16. O-O-O Qa5 17. Nge2 e5 18. g4 Rf7 19. dxe5 dxe5 20. Qg5 Qb6 21.
Rd2 Nd7 22. Rh1 Rxf3 23. Qe7 Nf8 24. g5 Bg4 25. Qxe5 Rd3 26. Rhd1 Rbd8 27. Qf4
Bxe2 28. Nxe2 Qb4 29. Rxd3 cxd3 30. Nc3 Qd4 31. Rf1 Qd7 32. e5 Ne6 33. Qc4 Kg7
34. Ne4 Qd5 35. Qxd5 Rxd5 36. Nd6 Rxe5 37. Rf7+ Kg8 38. Re7 Re1+ 39. Kd2 Re2+
40. Kd1 Nxg5 41. Rxe2 dxe2+ 42. Kxe2 Kf8 43. Nb7 Ne6 44. Na5 Nd8 45. Nb3 Nb7
46. Nd4 c5 47. Nc6 Kf7 48. b4 cxb4 49. Nxb4 a5 50. Nc6 Ke6 51. Ke3 g5 52. Ke4
h5 53. a4 Nc5+ 54. Kf3 Nxa4 55. Nxa5 Kf5 56. Nc4 g4+ 57. Kg3 Kg5 58. Nd6 h4+
59. Kg2 Nc3 0-1

[Event "Bajada de la Virgen op 3rd"]
[Site "Bajada de la Virgen"]
[Date "2005.06.14"]
[Round "3"]
[White "Khenkin, Igor"]
[Black "Moreno Carnero, Javier"]
[Result "1/2-1/2"]
[WhiteElo "2610"]
[BlackElo "2500"]
[PlyCount "49"]
[EventDate "2005.06.13"]
[EventType "swiss"]
[EventRounds "7"]
[EventCountry "ESP"]
[Source "ChessBase"]
[SourceDate "2005.07.11"]

1. d4 Nf6 2. c4 g6 3. Nc3 Bg7 4. e4 d6 5. f3 O-O 6. Nge2 c6 7. Bg5 a6 8. Qd2 b5
9. g4 Nbd7 10. h4 b4 11. Nd1 c5 12. h5 cxd4 13. Nxd4 Qb6 14. Be3 Ne5 15. Be2
Qb7 16. Nf2 Bd7 17. Bh6 Rac8 18. Bxg7 Kxg7 19. b3 a5 20. Rh4 Qb6 21. Rd1 a4 22.
hxg6 fxg6 23. f4 Nc6 24. g5 Ne8 25. Nxc6 1/2-1/2

[Event "Minsk automarket op"]
[Site "Minsk"]
[Date "2005.07.17"]
[Round "8"]
[White "Riazantsev, Alexander"]
[Black "Zhigalko, Andrey"]
[Result "1-0"]
[WhiteElo "2599"]
[BlackElo "2526"]
[PlyCount "79"]
[EventDate "2005.07.06"]
[EventType "swiss"]
[EventRounds "9"]
[EventCountry "BLR"]
[Source "ChessBase"]
[SourceDate "2005.09.02"]

1. d4 Nf6 2. c4 g6 3. Nc3 Bg7 4. e4 d6 5. f3 O-O 6. Bg5 a6 7. Qd2 c5 8. d5 b5
9. cxb5 Qa5 10. a4 Nbd7 11. Nge2 Nb6 12. Ra2 e6 13. Nf4 exd5 14. Bxf6 Bxf6 15.
Ncxd5 Qxd2+ 16. Kxd2 Nxd5 17. Nxd5 Bg5+ 18. Kc2 axb5 19. Bxb5 Be6 20. Bc4 f5
21. Re1 Kg7 22. Nb6 Bxc4 23. Nxc4 fxe4 24. Rxe4 Rad8 25. Nb6 Rf5 26. a5 d5 27.
Re1 d4 28. Kd3 Rb8 29. Ra4 Bd8 30. Nc4 Rg5 31. a6 Rxg2 32. a7 Ra8 33. Re8 Kh6
34. Ne5 c4+ 35. Kxc4 Rc2+ 36. Kd3 Rc7 37. Rxd8 Rxd8 38. a8=Q Rxa8 39. Rxa8 Rb7
40. Nc4 1-0

[Event "Stork Young Masters op"]
[Site "Hengelo"]
[Date "2005.08.09"]
[Round "4"]
[White "Riazantsev, Alexander"]
[Black "Zhigalko, Andrey"]
[Result "1-0"]
[WhiteElo "2599"]
[BlackElo "2526"]
[PlyCount "129"]
[EventDate "2005.08.08"]
[EventType "swiss"]
[EventRounds "9"]
[EventCountry "NED"]
[Source "ChessBase"]
[SourceDate "2005.09.02"]

1. d4 Nf6 2. c4 g6 3. Nc3 Bg7 4. e4 d6 5. f3 O-O 6. Bg5 a6 7. Qd2 Nbd7 8. O-O-O
b5 9. h4 c5 10. dxc5 Nxc5 11. e5 b4 12. exf6 bxc3 13. Qxc3 exf6 14. Be3 Qe7 15.
Ne2 Rb8 16. Qd2 Na4 17. Bd4 Be6 18. Nf4 Bh6 19. h5 Bg5 20. hxg6 fxg6 21. g3 Bf5
22. Bd3 Bxd3 23. Qxd3 Nc5 24. Qc2 Ne6 25. Rhe1 Nxd4 26. Rxe7 Nxc2 27. Kxc2 f5
28. Rd7 Bf6 29. b3 Be5 30. Rh1 g5 31. Ne6 Rfe8 32. Nxg5 Bf6 33. Nxh7 Bg7 34.
Rxd6 Re2+ 35. Rd2 Re3 36. Ng5 a5 37. Rd3 Re2+ 38. Rd2 Re3 39. Rhd1 Bf6 40. Rd6
Re2+ 41. Kd3 Rxa2 42. Rxf6 Rd8+ 43. Ke3 Rxd1 44. Rxf5 Rb1 45. Rb5 Ra3 46. Rb8+
Kg7 47. Ne6+ Kf6 48. Nd4 a4 49. Rb6+ Ke7 50. Ra6 Rba1 51. Rxa4 Rxa4 52. bxa4
Rxa4 53. Kd3 Kd6 54. f4 Kc5 55. Ne6+ Kb4 56. g4 Ra6 57. f5 Rd6+ 58. Ke4 Kxc4
59. g5 Rd1 60. Ke5 Re1+ 61. Kd6 Rd1+ 62. Ke7 Kd5 63. g6 Ra1 64. g7 Ke5 65. g8=Q
1-0

[Event "Wch U20"]
[Site "Instanbul"]
[Date "2005.11.17"]
[Round "8"]
[White "Wojtaszek, Radoslaw"]
[Black "Khairullin, Ildar"]
[Result "1/2-1/2"]
[WhiteElo "2606"]
[BlackElo "2537"]
[PlyCount "70"]
[EventDate "2005.11.09"]
[EventType "swiss"]
[EventRounds "13"]
[EventCountry "TUR"]
[Source "ChessBase"]
[SourceDate "2006.01.03"]

1. d4 Nf6 2. c4 g6 3. Nc3 Bg7 4. e4 d6 5. f3 O-O 6. Nge2 a6 7. Bg5 c6 8. Qd2 b5
9. Ng3 Nbd7 10. d5 cxd5 11. cxd5 Nb6 12. Be2 b4 13. Nd1 a5 14. O-O Bd7 15. Rc1
Qb8 16. Be3 Rc8 17. Rxc8+ Nxc8 18. Nf2 e6 19. dxe6 Bxe6 20. f4 Ne7 21. f5 gxf5
22. Bh6 f4 23. Bxf4 Ng6 24. Bg5 Qb6 25. Kh1 Re8 26. Nf5 Bxf5 27. exf5 Nf8 28.
b3 N8d7 29. Bc4 d5 30. Bd3 Qd4 31. Bb5 Qxd2 32. Bxd2 Rb8 33. Be2 Re8 34. Bb5
Rb8 35. Be2 Re8 1/2-1/2

[Event "EU-ch 7th"]
[Site "Kusadasi"]
[Date "2006.04.13"]
[Round "9"]
[White "Jobava, Baadur"]
[Black "Mamedov, Rauf"]
[Result "1/2-1/2"]
[WhiteElo "2614"]
[BlackElo "2525"]
[PlyCount "25"]
[EventDate "2006.04.04"]
[EventType "swiss"]
[EventRounds "11"]
[EventCountry "TUR"]
[Source "ChessBase"]
[SourceDate "2006.05.09"]

1. d4 Nf6 2. c4 g6 3. Nc3 Bg7 4. e4 d6 5. f3 O-O 6. Be3 c5 7. dxc5 dxc5 8. Qxd8
Rxd8 9. Bxc5 Nc6 10. Ba3 a5 11. Rd1 Be6 12. Nh3 Nb4 13. Nf4 1/2-1/2

[Event "RUS-chT 13th"]
[Site "Sochi"]
[Date "2006.04.24"]
[Round "5"]
[White "Riazantsev, Alexander"]
[Black "Kasimdzhanov, Rustam"]
[Result "1/2-1/2"]
[WhiteElo "2593"]
[BlackElo "2673"]
[PlyCount "89"]
[EventDate "2006.04.20"]
[EventType "team"]
[EventRounds "11"]
[EventCountry "RUS"]
[Source "ChessBase"]
[SourceDate "2006.05.09"]

1. d4 Nf6 2. c4 g6 3. Nc3 Bg7 4. e4 d6 5. f3 e5 6. Nge2 O-O 7. Be3 c6 8. Qd2
Nbd7 9. O-O-O a6 10. c5 exd4 11. Bxd4 dxc5 12. Bxc5 Re8 13. Kb1 b5 14. Nc1 Bb7
15. Qc2 Nxc5 16. Rxd8 Raxd8 17. Qf2 Ne6 18. Qb6 Rb8 19. Nb3 c5 20. Qa7 Nd7 21.
Na5 Bd4 22. Ne2 Be5 23. g3 Bc7 24. Nxb7 Ra8 25. Qxa8 Rxa8 26. Bh3 c4 27. Bxe6
fxe6 28. Rd1 Ne5 29. f4 Nd3 30. Nc1 Nf2 31. Rd7 Bb6 32. Rd6 Be3 33. Rxe6 Ra7
34. Nd6 Rd7 35. e5 Bc5 36. Ne2 Bxd6 37. Rxd6 Rxd6 38. exd6 Kf7 39. Nd4 Ne4 40.
d7 Ke7 41. Ne6 Kxd7 42. Nf8+ Ke7 43. Nxh7 Nd2+ 44. Kc2 Nf1 45. Ng5 1/2-1/2

[Event "NED-ch"]
[Site "Hilversum"]
[Date "2006.06.20"]
[Round "4"]
[White "Timman, Jan H"]
[Black "Van der Wiel, John TH"]
[Result "1/2-1/2"]
[WhiteElo "2616"]
[BlackElo "2511"]
[PlyCount "52"]
[EventDate "2006.06.17"]
[EventType "tourn"]
[EventRounds "11"]
[EventCountry "NED"]
[EventCategory "13"]
[Source "ChessBase"]
[SourceDate "2006.07.31"]

1. d4 Nf6 2. c4 g6 3. Nc3 Bg7 4. e4 d6 5. f3 O-O 6. Be3 c5 7. Nge2 Nc6 8. d5
Ne5 9. Ng3 e6 10. Be2 exd5 11. cxd5 a6 12. a4 h5 13. O-O Nh7 14. Qd2 h4 15. Nh1
f5 16. Nf2 Rb8 17. Rab1 Qa5 18. Bh6 Qb4 19. Bxg7 Kxg7 20. f4 Nf7 21. Bd3 Nf6
22. Rfe1 Qd4 23. Ne2 Nxe4 24. Nxd4 Nxd2 25. Rbd1 cxd4 26. Rxd2 Bd7 1/2-1/2

[Event "Andorra op 24th"]
[Site "Andorra la Vella"]
[Date "2006.07.15"]
[Round "8"]
[White "Oms Pallise, Josep"]
[Black "Damljanovic, Branko"]
[Result "0-1"]
[WhiteElo "2511"]
[BlackElo "2625"]
[PlyCount "64"]
[EventDate "2006.07.08"]
[EventType "swiss"]
[EventRounds "9"]
[EventCountry "AND"]
[Source "ChessBase"]
[SourceDate "2006.09.14"]

1. d4 Nf6 2. c4 g6 3. Nc3 Bg7 4. e4 d6 5. f3 O-O 6. Be3 c5 7. Nge2 Nc6 8. d5
Ne5 9. Ng3 h5 10. Be2 h4 11. Nf1 e6 12. h3 exd5 13. cxd5 b5 14. f4 Nc4 15. Bxc4
bxc4 16. Nd2 Re8 17. Qf3 Rb8 18. O-O Rxb2 19. Rac1 Ba6 20. f5 Re5 21. fxg6 fxg6
22. Qd1 Qe8 23. Bf4 Nh5 24. Bxe5 Qxe5 25. Nf3 Qf4 26. e5 Qe3+ 27. Kh1 Ng3+ 28.
Kh2 Nxf1+ 29. Qxf1 Rf2 30. Qd1 Bxe5+ 31. Kh1 Bxc3 32. Rb1 Kg7 0-1

[Event "CHN-ch"]
[Site "Wuxi"]
[Date "2006.06.25"]
[Round "1"]
[White "Zhou Jianchao"]
[Black "Li Shilong"]
[Result "1/2-1/2"]
[WhiteElo "2525"]
[BlackElo "2539"]
[PlyCount "85"]
[EventDate "2006.06.25"]
[EventType "tourn"]
[EventRounds "11"]
[EventCountry "CHN"]
[EventCategory "14"]
[Source "ChessBase"]
[SourceDate "2006.09.14"]

1. d4 Nf6 2. c4 g6 3. Nc3 Bg7 4. e4 d6 5. f3 O-O 6. Be3 Nc6 7. Nge2 a6 8. Qd2
Rb8 9. Rc1 Bd7 10. Nd1 e6 11. Nf2 b5 12. c5 b4 13. g3 Ne7 14. Rc2 Ba4 15. b3
Bb5 16. cxd6 cxd6 17. Nc1 Qd7 18. Bxb5 Qxb5 19. Qd3 Qa5 20. O-O Rfc8 21. Ne2
Rxc2 22. Qxc2 Rc8 23. Qd2 Qb5 24. Rc1 Rxc1+ 25. Nxc1 Ne8 26. Ne2 Nc7 27. Kf1
Nc6 28. Ke1 f5 29. Qc2 d5 30. e5 Bf8 31. Nd3 Qb6 32. h4 Nb5 33. Kf2 Kf7 34. Qc1
Ke8 35. h5 gxh5 36. Ndf4 Kd7 37. Nxe6 Kxe6 38. Nf4+ Kd7 39. Nxd5 Qb7 40. Qc4
Be7 41. Nf4 Qc8 42. Qd5+ Kc7 43. Qf7 1/2-1/2

[Event "16th Monarch Assurance"]
[Site "Port Erin IOM"]
[Date "2007.09.29"]
[Round "8"]
[White "Moiseenko, A1."]
[Black "Hebden, M."]
[Result "1-0"]
[WhiteElo "2641"]
[BlackElo "2540"]
[PlyCount "67"]
[EventDate "2007.09.22"]
[SourceDate "1999.07.01"]

1. d4 Nf6 2. c4 g6 3. Nc3 Bg7 4. e4 d6 5. f3 O-O 6. Bg5 c5 7. d5 e6 8. Qd2 exd5
9. cxd5 a6 10. a4 h6 11. Be3 h5 12. Nge2 Nbd7 13. Nc1 Ne5 14. Be2 Nh7 15. O-O
f5 16. f4 Nf7 17. e5 dxe5 18. Bxc5 exf4 19. Nd3 g5 20. Bxf8 Qxf8 21. Bxh5 Nd6
22. Rae1 Bd4+ 23. Kh1 Nc4 24. Qe2 Ne3 25. Nxf4 gxf4 26. Rxf4 Ba7 27. Qf3 Nf6
28. Qg3+ Neg4 29. Bxg4 Nxg4 30. d6 Bc5 31. Ne4 Bd4 32. Ng5 Bg7 33. Re7 b5 34.
Qb3+ 1-0

[Event "Aeroflot Open"]
[Site "Moscow RUS"]
[Date "2007.02.15"]
[Round "2"]
[White "Riazantsev, A."]
[Black "Novikov, St"]
[Result "0-1"]
[WhiteElo "2629"]
[BlackElo "2535"]
[PlyCount "72"]
[EventDate "2007.02.14"]
[SourceDate "1999.07.01"]

1. d4 Nf6 2. c4 g6 3. Nc3 Bg7 4. e4 d6 5. f3 O-O 6. Nge2 a6 7. Be3 c6 8. c5
Nbd7 9. Nf4 dxc5 10. dxc5 Qc7 11. Nd3 Rd8 12. Qc2 Ne5 13. Nf2 Be6 14. Qa4 a5
15. Be2 Nfd7 16. Qc2 a4 17. O-O Nc4 18. Bxc4 Bxc4 19. Rfd1 Qa5 20. Rac1 Be6 21.
Nd3 Nf8 22. b3 axb3 23. axb3 Rd7 24. Kf2 Rad8 25. Nf4 Rxd1 26. Rxd1 Rxd1 27.
Nxd1 Qa3 28. Nxe6 Nxe6 29. Qc4 Qa2+ 30. Kg3 Be5+ 31. Kh3 Bf4 32. Bxf4 Nxf4+ 33.
Kg3 Qd2 34. Qf1 Ne2+ 35. Kg4 Qf4+ 36. Kh3 Qh6+ 0-1

[Event "Aeroflot Open"]
[Site "Moscow RUS"]
[Date "2007.02.17"]
[Round "4"]
[White "Zhou Jianchao"]
[Black "Volokitin, And"]
[Result "1/2-1/2"]
[WhiteElo "2551"]
[BlackElo "2645"]
[PlyCount "148"]
[EventDate "2007.02.14"]
[SourceDate "1999.07.01"]

1. d4 Nf6 2. c4 g6 3. Nc3 Bg7 4. e4 d6 5. f3 O-O 6. Be3 c5 7. dxc5 dxc5 8. Qxd8
Rxd8 9. Bxc5 Nc6 10. Ba3 a5 11. Rd1 Be6 12. Nd5 Nb4 13. Bd3 Bxd5 14. cxd5 Nxd3+
15. Rxd3 e6 16. Be7 Rd7 17. d6 Ra6 18. Rc3 Ra8 19. Rc5 Ne8 20. e5 b6 21. Rb5
Nc7 22. dxc7 Rxe7 23. Ne2 Rxc7 24. Nc3 a4 25. a3 Bf8 26. Kf2 Bxa3 27. Nxa4 Rxa4
28. bxa3 Rc2+ 29. Kg3 Re2 30. Rxb6 Rxe5 31. Rb3 Re2 32. Ra1 Rc4 33. a4 Rcc2 34.
Rg1 Ra2 35. Rb8+ Kg7 36. Ra8 e5 37. h4 Re3 38. Ra7 h5 39. Rd1 Ree2 40. Rg1 Kf6
41. Kh3 Red2 42. Kg3 Rd4 43. Rb1 Rdd2 44. Rg1 Rdc2 45. Kh3 Rc4 46. Rb1 Raxa4
47. Rb6+ Kg7 48. Rxa4 Rxa4 49. Kg3 Rf4 50. Ra6 Rf6 51. Ra7 Rd6 52. Rb7 Kf6 53.
Rc7 Ke6 54. Ra7 Rc6 55. Rb7 Ra6 56. Rc7 Ra3 57. Kf2 Ra1 58. Rb7 Ra4 59. Kg3 Ra6
60. Rc7 f5 61. Rc5 Kf6 62. Rb5 Re6 63. Kf2 Rc6 64. Kg3 Re6 65. Kf2 Ke7 66. Rd5
Kf6 67. Ra5 Rb6 68. Kg3 e4 69. fxe4 fxe4 70. Kf4 Rb2 71. g3 Rb3 72. Rg5 e3 73.
Kf3 Ra3 74. Ke2 Rb3 1/2-1/2

[Event "Open"]
[Site "Moscow RUS"]
[Date "2007.02.02"]
[Round "7"]
[White "Novikov, St"]
[Black "Fedorov, Alex"]
[Result "1-0"]
[WhiteElo "2535"]
[BlackElo "2624"]
[PlyCount "67"]
[EventDate "2007.01.27"]
[SourceDate "1999.07.01"]

1. d4 Nf6 2. c4 g6 3. Nc3 Bg7 4. e4 d6 5. f3 O-O 6. Be3 e5 7. Nge2 c6 8. Qd2
Nbd7 9. O-O-O a6 10. h4 b5 11. Ng3 exd4 12. Bxd4 Qa5 13. h5 b4 14. Nb1 c5 15.
Bf2 Re8 16. b3 Ne5 17. a3 Be6 18. Be2 Nc6 19. hxg6 fxg6 20. a4 Nd4 21. Qd3 Nd7
22. f4 d5 23. exd5 Bf5 24. Nxf5 Nxe2+ 25. Kc2 gxf5 26. Qxf5 Nf8 27. d6 Ra7 28.
d7 Rd8 29. Rhe1 Nc3 30. Nxc3 Bxc3 31. Re8 Bg7 32. Re7 Kh8 33. Qf7 Bc3 34. Rh1
1-0

[Event "Open"]
[Site "Moscow RUS"]
[Date "2007.02.03"]
[Round "8"]
[White "Riazantsev, A."]
[Black "Amonatov, F."]
[Result "1/2-1/2"]
[WhiteElo "2629"]
[BlackElo "2559"]
[PlyCount "83"]
[EventDate "2007.01.27"]
[SourceDate "1999.07.01"]

1. d4 Nf6 2. c4 g6 3. Nc3 Bg7 4. e4 d6 5. f3 O-O 6. Bg5 c5 7. d5 h6 8. Bf4 Nh5
9. Be3 e5 10. Qd2 Kh7 11. Bd3 f5 12. exf5 Bxf5 13. Ne4 Nf6 14. Nh3 b5 15. Nxf6+
Qxf6 16. Nf2 bxc4 17. Bxc4 Nd7 18. O-O Nb6 19. Be2 Qf7 20. Rad1 a5 21. Ne4 Qe7
22. Rde1 a4 23. Nc3 Qh4 24. g4 Bc8 25. Bd3 Ba6 26. Bxa6 Rxa6 27. Ne4 Nc4 28.
Qf2 Qxf2+ 29. Rxf2 Rb6 30. Bc1 Rb4 31. Ree2 Rd8 32. Rc2 Nb6 33. Bd2 Rd4 34. Ba5
Rb8 35. Bxb6 Rxb6 36. Rfd2 Rdb4 37. Kf1 Kg8 38. Ke2 Kf7 39. Kd3 Rd4+ 40. Ke2
Rdb4 41. Kd3 Rd4+ 42. Ke2 1/2-1/2

[Event "Corus B"]
[Site "Wijk aan Zee NED"]
[Date "2007.01.14"]
[Round "2"]
[White "L'Ami, E."]
[Black "Atalik, S."]
[Result "1/2-1/2"]
[WhiteElo "2594"]
[BlackElo "2586"]
[PlyCount "65"]
[EventDate "2007.01.13"]
[SourceDate "1999.07.01"]

1. d4 Nf6 2. c4 g6 3. Nc3 Bg7 4. e4 d6 5. f3 O-O 6. Bg5 a6 7. Qd2 c6 8. h4 Nbd7
9. Nge2 b5 10. h5 e5 11. d5 Nb6 12. Ng3 cxd5 13. cxd5 Na4 14. Nd1 Bd7 15. Be2
a5 16. b3 Nc5 17. Nf2 b4 18. h6 Bh8 19. Nd3 Nxd3+ 20. Bxd3 Qb6 21. Be3 Qb7 22.
O-O Ne8 23. Rac1 Nc7 24. f4 exf4 25. Bxf4 Qb6+ 26. Be3 Bd4 27. Bxd4 Qxd4+ 28.
Qf2 Qxf2+ 29. Rxf2 Rfc8 30. Rcf1 Rf8 31. Rc1 Rfc8 32. Rcf1 Rf8 33. Rc1 1/2-1/2

[Event "6th Amplico AIG Life 5th-8th"]
[Site "Warsaw POL"]
[Date "2006.12.17"]
[Round "3"]
[White "Miton, K."]
[Black "Zhigalko, A."]
[Result "1-0"]
[WhiteElo "2638"]
[BlackElo "2532"]
[PlyCount "75"]
[EventDate "2006.12.16"]
[SourceDate "1999.07.01"]

1. d4 Nf6 2. c4 g6 3. Nc3 Bg7 4. e4 d6 5. f3 O-O 6. Bg5 a6 7. Nge2 c5 8. Qd2
Nbd7 9. d5 b5 10. cxb5 Qa5 11. Ng3 Nb6 12. Be2 axb5 13. O-O b4 14. Nd1 Ba6 15.
Ne3 Bxe2 16. Nxe2 Qb5 17. b3 Ra6 18. Rac1 Rfa8 19. Rc2 Qd7 20. Bxf6 Bxf6 21. g3
Qa7 22. Nc1 c4 23. bxc4 Na4 24. Kg2 Nc3 25. Nd3 Nxa2 26. e5 dxe5 27. c5 b3 28.
Rc4 Ra4 29. Rb1 Qa6 30. Nb2 Rxc4 31. Nbxc4 Qb5 32. c6 e4 33. c7 exf3+ 34. Kxf3
Rc8 35. d6 Qc6+ 36. Qd5 Qd7 37. Nb6 Qh3 38. d7 1-0

[Event "24th ECC"]
[Site "Kallithea GRE"]
[Date "2008.10.21"]
[Round "5"]
[White "Sasikiran, K."]
[Black "Radjabov, T."]
[Result "0-1"]
[WhiteElo "2694"]
[BlackElo "2751"]
[PlyCount "102"]
[EventDate "2008.10.17"]
[SourceDate "1999.07.01"]

1. d4 Nf6 2. c4 g6 3. Nc3 Bg7 4. e4 d6 5. f3 O-O 6. Bg5 c5 7. d5 e6 8. Qd2 h6
9. Be3 exd5 10. cxd5 Re8 11. a4 a6 12. Nge2 Nbd7 13. Nc1 Nh7 14. Be2 f5 15. O-O
Ng5 16. Nd3 Ne5 17. Nf2 Nef7 18. Rae1 Bd7 19. exf5 gxf5 20. Kh1 Rb8 21. Nd3 Re7
22. Nf4 Qe8 23. Bf2 Ne5 24. a5 b5 25. axb6 Rxb6 26. h4 Nh7 27. Ne6 Qb8 28. f4
Rxb2 29. Rb1 Nc4 30. Bxc4 Bxc3 31. Qd3 Rf7 32. Ra1 Rxf2 33. Qg3+ Rg7 34. Qxc3
Rxf1+ 35. Rxf1 Rf7 36. Qd3 Qb2 37. Kg1 Nf8 38. Rb1 Qf6 39. Qg3+ Kh7 40. Re1
Nxe6 41. dxe6 Rg7 42. Qd3 Bc6 43. Re2 Rg4 44. g3 d5 45. Bxd5 Bb5 46. Bc4 Bxc4
47. Qxc4 Rxg3+ 48. Kf1 Qxh4 49. Rf2 Re3 50. Qd5 Qh3+ 51. Rg2 Qh1+ 0-1

[Event "1st WMSG Blitz Ind"]
[Site "Beijing CHN"]
[Date "2008.10.04"]
[Round "1"]
[White "Zhou Jianchao"]
[Black "Reinderman, D."]
[Result "1-0"]
[WhiteElo "2612"]
[BlackElo "2543"]
[PlyCount "90"]
[EventDate "2008.10.04"]
[SourceDate "1999.07.01"]

1. d4 Nf6 2. c4 g6 3. Nc3 Bg7 4. e4 d6 5. f3 O-O 6. Be3 c5 7. Nge2 Nc6 8. d5
Ne5 9. Ng3 e6 10. Be2 exd5 11. cxd5 a6 12. a4 h5 13. O-O Nh7 14. Qd2 h4 15. Nh1
f5 16. Nf2 Bd7 17. a5 b5 18. axb6 Qxb6 19. Rab1 a5 20. f4 Nf7 21. Bd3 Nf6 22.
exf5 gxf5 23. Kh1 Nh6 24. Nh3 Nhg4 25. Bf2 Nxf2+ 26. Qxf2 Qb4 27. Qxh4 Rae8 28.
Ng5 Re3 29. Be2 Rfe8 30. Bf3 R8e7 31. Ne6 R7xe6 32. dxe6 Qd4 33. Rbd1 Rd3 34.
Qg5 c4 35. Qxf5 a4 36. Rxd3 cxd3 37. Rd1 d2 38. Qc2 Ne8 39. Rxd2 Qb4 40. Re2
Nf6 41. g3 d5 42. Kg2 a3 43. bxa3 Qxa3 44. Qh7+ Kxh7 45. Bxd5 Kg8 1-0

[Event "1st WMSG Rapid Ind"]
[Site "Beijing CHN"]
[Date "2008.10.07"]
[Round "8"]
[White "Zhou Jianchao"]
[Black "Banikas, H."]
[Result "1/2-1/2"]
[WhiteElo "2612"]
[BlackElo "2572"]
[PlyCount "131"]
[EventDate "2008.10.05"]
[SourceDate "1999.07.01"]

1. d4 Nf6 2. c4 g6 3. Nc3 Bg7 4. e4 d6 5. f3 O-O 6. Be3 Nbd7 7. Nge2 c5 8. Qd2
a6 9. Nc1 e6 10. Be2 Qc7 11. Nb3 b6 12. Rc1 Bb7 13. O-O Rfd8 14. Rfd1 Rac8 15.
Bf1 cxd4 16. Nxd4 Qb8 17. Qf2 Ne5 18. Na4 Ba8 19. Nb3 b5 20. Nb6 bxc4 21. Nxc8
Rxc8 22. Ba7 Qc7 23. Bd4 d5 24. exd5 exd5 25. Nc5 Nc6 26. Bxf6 Bxf6 27. Rxd5
Nb4 28. Rd7 Qxc5 29. Qxc5 Rxc5 30. Rxc4 Bc6 31. Rc7 Rxc4 32. Bxc4 Bd5 33. a3
Bxc4 34. Rxc4 Nd5 35. b4 Bb2 36. a4 Bc3 37. b5 axb5 38. axb5 Ba5 39. Kf2 Kf8
40. Ke2 Ke7 41. Kd3 Kd6 42. Rc6+ Kd7 43. Kd4 Nc7 44. Kc4 Ne6 45. Ra6 Bd8 46.
Ra7+ Ke8 47. g3 Bb6 48. Ra6 Bg1 49. b6 Bxh2 50. g4 Ke7 51. Ra8 Ng5 52. Rh8 Kf6
53. b7 Kg7 54. Rd8 Nxf3 55. Kd5 Bc7 56. Rc8 Bh2 57. Rd8 Bc7 58. Rd7 Bb8 59. Rd8
Bc7 60. Rc8 Bh2 61. Rc3 Ng5 62. Rc2 Bg3 63. Rc3 Bh2 64. Rc2 Bg3 65. Rc3 Bh2 66.
Rc2 1/2-1/2

[Event "DMP Ekstraliga"]
[Site "Karpacz POL"]
[Date "2008.09.09"]
[Round "4"]
[White "Dziuba, M."]
[Black "Czarnota, P."]
[Result "1/2-1/2"]
[WhiteElo "2570"]
[BlackElo "2526"]
[PlyCount "68"]
[EventDate "2008.09.06"]
[SourceDate "1999.07.01"]

1. d4 Nf6 2. c4 g6 3. Nc3 Bg7 4. e4 d6 5. f3 O-O 6. Nge2 a6 7. Be3 Nbd7 8. Qd2
c5 9. Rd1 b6 10. Nc1 cxd4 11. Bxd4 Bb7 12. Be2 Rc8 13. O-O Qc7 14. Nb3 Rfe8 15.
Rc1 e6 16. Rfd1 Qb8 17. Bf1 h5 18. Bxf6 Bxf6 19. Qxd6 Rc7 20. Qd2 Ne5 21. Qe3
Nxc4 22. Bxc4 Rxc4 23. Qxb6 Bd8 24. Qf2 Bc7 25. h3 Ba8 26. Kh1 Rc8 27. Rd3 a5
28. Rcd1 a4 29. Nd4 Bg3 30. Qe2 a3 31. Ndb5 axb2 32. Qxb2 Be5 33. Qa3 Kg7 34.
Rb1 Qb6 1/2-1/2

[Event "1st Dragon Capital Vietnam Open"]
[Site "Vung Tau VIE"]
[Date "2008.08.31"]
[Round "7"]
[White "Nguyen Ngoc Truong Son"]
[Black "Nolte, R."]
[Result "0-1"]
[WhiteElo "2579"]
[BlackElo "2522"]
[PlyCount "68"]
[EventDate "2008.08.27"]
[SourceDate "1999.07.01"]

1. d4 Nf6 2. c4 g6 3. Nc3 Bg7 4. e4 d6 5. f3 O-O 6. Be3 Nc6 7. Nge2 a6 8. Qd2
Rb8 9. g4 b5 10. g5 Nd7 11. h4 Nb6 12. b3 bxc4 13. h5 e5 14. f4 Nb4 15. Bg2
Nd3+ 16. Kf1 c5 17. dxe5 dxe5 18. f5 gxf5 19. exf5 Bxf5 20. Ng3 Be6 21. Be4 f5
22. gxf6 Bxf6 23. Kg1 Kh8 24. Rf1 Rg8 25. Bg6 Nf4 26. Nce4 Nbd5 27. Bxc5 cxb3
28. Bd6 Rb6 29. Nxf6 Qxf6 30. Ba3 Qg5 31. Qf2 bxa2 32. Rh2 Rb3 33. Bb2 Rxg3+
34. Kh1 Nf6 0-1

[Event "19th Czech Open Synthesia Rapid"]
[Site "Pardubice CZE"]
[Date "2008.07.17"]
[Round "6"]
[White "Laznicka, V."]
[Black "Chuprov, D."]
[Result "0-1"]
[WhiteElo "2601"]
[BlackElo "2577"]
[PlyCount "54"]
[EventDate "2008.07.16"]
[SourceDate "1999.07.01"]

1. d4 Nf6 2. c4 g6 3. Nc3 Bg7 4. e4 d6 5. f3 O-O 6. Be3 c6 7. Nge2 e5 8. Qd2
Nbd7 9. O-O-O a6 10. dxe5 Nxe5 11. Nd4 d5 12. exd5 cxd5 13. c5 Re8 14. Bh6 Bh8
15. Bg5 Be6 16. Qf4 Ned7 17. h4 Nh5 18. Qd6 Qb8 19. Qxb8 Raxb8 20. b4 Ng3 21.
Rg1 Nxf1 22. Rgxf1 a5 23. a3 axb4 24. axb4 Ra8 25. Kc2 Ne5 26. Be3 Nc4 27. Bf2
Bxd4 0-1